=LDR 00000nam 2200000 4500 =001 INLIS000000000030988 =005 20250415105413 =035 ##$$a 0010-061300000030988 =008 250415################e##########0#ind## =041 ##$$a ind =082 ##$$a F Rom K =090 ##$$a F Rom K, Ayu j =100 ##$$a Ayu, Tria =245 1#$$a Jejak putih di tanah basah, Tria Ayu; penyunting, Ninik /$c Tria Ayu K =260 ##$$a Jakarta. :$b Gema Insani,$c 2007 =300 ##$$a 105 hlm : $b ilus ; $c 20 x 14 cm =650 #4$$a Fiksi Kanak-kanak =850 ##$$a NBPNMAT =020 ##$$a 979-56-0234-9 =084 ##$$a F Rom K AYU j =990 ##$$a 04160416 =990 ##$$a 08170817 =990 ##$$a 20901443 =990 ##$$a 08640864 =990 ##$$a 20901441 =990 ##$$a 20901443